[Event "Championnat de la Loire - Open"]
[Site "Aurec"]
[Date "2009.11.14"]
[Round "6.4"]
[White "Doran, Niall"]
[Black "Volay, Pascal"]
[Result "0-1"]
[WhiteElo "1480"]
[BlackElo "1560"]
[PlyCount "138"]
[EventDate "2009.??.??"]

1. e4 e5 2. Nf3 Nc6 3. Bb5 a6 4. Ba4 Nf6 5. O-O b5 6. Bb3 Be7 7. Re1 d6 8. h3
O-O 9. c3 Na5 10. Bc2 Nc6 11. d4 h6 12. Nbd2 Nh7 13. Nf1 Ng5 14. Be3 Nxf3+ 15.
Qxf3 Bg5 16. Rad1 Qf6 17. Qg3 Bh4 18. Qh2 Re8 19. Ng3 Qg6 20. Ne2 Bg5 21. f4
exf4 22. Nxf4 Bxf4 23. Bxf4 f6 24. Re3 Kh8 25. Rd2 Qf7 26. Bb3 Qf8 27. Qg3 g5
28. Bxg5 fxg5 29. Rf2 Qe7 30. Rf7 Qd8 31. Bd5 Be6 32. Bxe6 Rxe6 33. d5 Re7 34.
Rf6 Ne5 35. Rxh6+ Rh7 36. Re6 Qg8 37. Re1 Rf8 38. b3 Qf7 39. a3 Qf4 40. Qe3
Qxe3+ 41. Rxe3 Rhf7 42. Rg3 Rg8 43. Re3 Rgf8 44. Re2 Rf1+ 45. Kh2 R1f6 46. Re7
R8f7 47. Re8+ Rf8 48. Re7 R6f7 49. Re6 Nd3 50. b4 Nf4 51. Rc2 Nxe6 52. dxe6 Re7
53. a4 Rxe6 54. axb5 axb5 55. Re2 Rfe8 56. Kg3 Rxe4 57. Rc2 c5 58. bxc5 dxc5
59. Kh2 Rb8 60. Kg3 b4 61. Kf3 Re5 62. cxb4 cxb4 63. Kg4 b3 64. Rb2 Rc5 65. Kh5
Rc2 66. Rb1 b2 67. Rf1 b1=Q 68. Rf2 Qd1+ 69. g4 Qd6 0-1

[Event "Championnat de la Loire - Open"]
[Site "Aurec"]
[Date "2009.11.14"]
[Round "6.5"]
[White "Trottet, Francois"]
[Black "Chabas, Jean-Luc"]
[Result "1-0"]
[WhiteElo "1430"]
[BlackElo "1570"]
[PlyCount "63"]
[EventDate "2009.??.??"]

1. e4 c6 2. d4 d5 3. Nc3 dxe4 4. Nxe4 Bf5 5. Ng3 Bg6 6. Nf3 h6 7. h3 Nf6 8. Ne5
Bh7 9. Bc4 e6 10. c3 Nd5 11. Qf3 Qf6 12. Qg4 Nb6 13. Bb3 N8d7 14. Ne4 Bxe4 15.
Qxe4 Nxe5 16. dxe5 Qe7 17. Be3 Qc7 18. O-O-O Nd7 19. f4 Nc5 20. Bxc5 Bxc5 21.
Rd3 O-O 22. g4 Rad8 23. Rhd1 Rxd3 24. Qxd3 Re8 25. Bc2 Kf8 26. Kb1 Ke7 27. Qh7
Be3 28. Qxg7 Qc8 29. Bg6 Rf8 30. Qf6+ Ke8 31. Bh5 Bc5 32. Qxh6 1-0

[Event "Championnat de la Loire - Open"]
[Site "Aurec"]
[Date "2009.11.14"]
[Round "6.6"]
[White "Mialon, Franck"]
[Black "Andre, Gregory"]
[Result "0-1"]
[WhiteElo "1350"]
[BlackElo "1499"]
[PlyCount "62"]
[EventDate "2009.??.??"]

1. e4 Nf6 2. e5 Nd5 3. Bc4 Nb6 4. Bb3 e6 5. Nf3 d5 6. h3 Nc6 7. c3 Bd7 8. d4 h6
9. O-O f5 10. exf6 Qxf6 11. Ne5 Nxe5 12. dxe5 Qxe5 13. Re1 Qf6 14. Bc2 O-O-O
15. a4 Bc5 16. Rf1 Rhf8 17. Be3 Bxe3 18. fxe3 Qh4 19. Nd2 Nc4 20. Rxf8 Rxf8 21.
Nxc4 Qf2+ 22. Kh1 dxc4 23. Qd4 Qxc2 24. Qxa7 Kd8 25. Qxb7 Qb3 26. Qxb3 cxb3 27.
a5 Bc6 28. a6 Ke7 29. a7 Ba8 30. Ra3 Rf2 31. Rxb3 Rxg2 0-1

[Event "Championnat de la Loire - Open"]
[Site "Aurec"]
[Date "2009.11.14"]
[Round "6.7"]
[White "Brachet, Gerard"]
[Black "Boeuf, Jean-Julien"]
[Result "1/2-1/2"]
[WhiteElo "1470"]
[BlackElo "1440"]
[PlyCount "110"]
[EventDate "2009.??.??"]

1. d4 Nf6 2. c4 g6 3. Nc3 Bg7 4. e4 d6 5. Bg5 c6 6. Nf3 Qa5 7. Bd2 Bg4 8. h3
Bxf3 9. Qxf3 Qb6 10. Be3 Qxb2 11. Rc1 Nfd7 12. Qe2 Qa3 13. Qd3 c5 14. Nb5 Qa5+
15. Qd2 Qxd2+ 16. Bxd2 Kd8 17. dxc5 Nxc5 18. Nc3 Nbd7 19. Be2 Ne5 20. O-O Ned3
21. Bxd3 Nxd3 22. Rc2 Rf8 23. Nd5 e6 24. Nf4 Nc5 25. Re1 f5 26. Bb4 Ke7 27.
Bxc5 dxc5 28. exf5 e5 29. Rd2 Rxf5 30. Nd5+ Kf7 31. Nc7 Rf8 32. Rd7+ Kg8 33. f3
R5f7 34. Red1 Rxd7 35. Rxd7 Rf7 36. Rd8+ Bf8 37. Ne6 b6 38. a4 Rf6 39. Ng5 h6
40. Ne4 Rf7 41. Kh2 Kg7 42. Rd5 Re7 43. g3 Rf7 44. Kg2 Be7 45. Rxe5 Bf6 46. Re6
Bd4 47. Nd6 Rd7 48. g4 Be5 49. Ne8+ Kf7 50. Rxe5 Rd2+ 51. Kg3 Ra2 52. Nd6+ Kf6
53. f4 Rxa4 54. Ne8+ Kf7 55. g5 h5 1/2-1/2

[Event "Championnat de la Loire - Open"]
[Site "Aurec"]
[Date "2009.11.14"]
[Round "6.8"]
[White "Joly, Christian"]
[Black "Daillere, Roland"]
[Result "1-0"]
[WhiteElo "1450"]
[BlackElo "1340"]
[PlyCount "59"]
[EventDate "2009.??.??"]

1. e4 d5 2. exd5 Qxd5 3. Nc3 Qa5 4. Nf3 Bg4 5. Be2 Nf6 6. O-O Nc6 7. Re1 e6 8.
a3 b6 9. d4 a6 10. Bd2 Bd6 11. Nb5 Qa4 12. b3 Qxb5 13. Bxb5 axb5 14. Be3 O-O
15. b4 Ne4 16. Qd3 f5 17. Qxb5 Ne7 18. Nd2 Nc3 19. Qc4 Ned5 20. f3 Bh5 21. Nb1
Nxb1 22. Rexb1 Nxe3 23. Qxe6+ Kh8 24. Qxe3 Rfe8 25. Qd2 Re7 26. Re1 Rae8 27.
Rxe7 Rxe7 28. Re1 Bf4 29. Qd1 Rf7 30. Re8+ 1-0

[Event "Championnat de la Loire - Open"]
[Site "Aurec"]
[Date "2009.11.14"]
[Round "6.9"]
[White "Rasle, Jean-Michel"]
[Black "Desassis, Jean-Francois"]
[Result "1-0"]
[WhiteElo "1680"]
[BlackElo "1540"]
[PlyCount "59"]
[EventDate "2009.??.??"]

1. d4 f5 2. c4 Nf6 3. Nf3 e6 4. Nc3 b6 5. Bf4 Be7 6. a3 O-O 7. Nb5 d6 8. e3 Nh5
9. Bg3 Nd7 10. Bd3 c5 11. Nxd6 Ba6 12. Nb5 Bxb5 13. cxb5 Bf6 14. Bc4 Re8 15.
Qc2 cxd4 16. exd4 Bxd4 17. Nxd4 f4 18. Kf1 fxg3 19. hxg3 Nhf6 20. Nxe6 Qb8 21.
Nc5+ Kf8 22. Nxd7+ Nxd7 23. Rxh7 Ke7 24. Rxg7+ Kd8 25. Rd1 Qc7 26. b4 Rh8 27.
Kg1 Qe5 28. Rdxd7+ Kc8 29. Qe2 Qf6 30. Qf3 1-0

[Event "Championnat de la Loire - Open"]
[Site "Aurec"]
[Date "2009.11.14"]
[Round "6.10"]
[White "Rogues, Jean-Luc"]
[Black "Febvret, Olivier"]
[Result "1/2-1/2"]
[WhiteElo "1420"]
[BlackElo "1499"]
[PlyCount "80"]
[EventDate "2009.??.??"]

1. d4 d5 2. c4 Nf6 3. Nc3 e6 4. e3 Nc6 5. Bd3 Bb4 6. Bd2 Bxc3 7. Bxc3 dxc4 8.
Bxc4 Ne4 9. Qc2 Nd6 10. Bd3 g6 11. Nf3 O-O 12. O-O Nf5 13. b4 a6 14. b5 axb5
15. Bxb5 Bd7 16. Bxc6 Bxc6 17. Ne5 Ne7 18. Bb4 Re8 19. Bxe7 Qxe7 20. Nxc6 bxc6
21. Qxc6 Qd6 22. Rfc1 Qxc6 23. Rxc6 Rec8 24. a4 Kf8 25. a5 Ke8 26. Rc5 Kd7 27.
Rb1 Rcb8 28. Rxb8 Rxb8 29. g3 c6 30. Kg2 Rb5 31. e4 Rxc5 32. dxc5 Kc7 33. Kf3
e5 34. Ke3 Kb7 35. Kd3 Ka6 36. Kc4 Kxa5 37. f4 f6 38. h3 Ka6 39. Kb4 g5 40. f5
h5 1/2-1/2

[Event "Championnat de la Loire - Open"]
[Site "Aurec"]
[Date "2009.11.14"]
[Round "6.11"]
[White "Ducoulombier, Bertrand"]
[Black "Martin, Julien"]
[Result "0-1"]
[WhiteElo "1499"]
[BlackElo "1410"]
[PlyCount "50"]
[EventDate "2009.??.??"]

1. e4 e5 2. Nf3 d6 3. Bc4 Nf6 4. Nc3 c6 5. d3 d5 6. Bb3 dxe4 7. dxe4 Qxd1+ 8.
Nxd1 Bc5 9. Nc3 O-O 10. O-O Bb4 11. Ne2 Nbd7 12. Bd2 Bxd2 13. Nxd2 Nc5 14. Nc3
b5 15. a3 a5 16. Rfe1 Rd8 17. Re2 Ba6 18. Rd1 b4 19. Ree1 bxc3 20. bxc3 Nfxe4
21. Nf3 Rxd1 22. Rxd1 Nxb3 23. cxb3 Nxc3 24. Re1 Rd8 25. Nxe5 Re8 0-1

[Event "Championnat de la Loire - Open"]
[Site "Aurec"]
[Date "2009.11.14"]
[Round "6.12"]
[White "Rasle, Corentin"]
[Black "Chambosse, Alexis"]
[Result "1-0"]
[WhiteElo "1380"]
[BlackElo "1490"]
[PlyCount "51"]
[EventDate "2009.??.??"]

1. d4 d5 2. c4 dxc4 3. Nf3 Bg4 4. e3 b5 5. Nc3 a6 6. a4 c6 7. axb5 cxb5 8. Nxb5
Nd7 9. Nc3 Nb6 10. Bxc4 Bxf3 11. Qxf3 Nxc4 12. Qc6+ Qd7 13. Qxa8+ Qd8 14. Qc6+
Qd7 15. Qxc4 e6 16. Rxa6 Be7 17. Qc6 Nf6 18. Qxd7+ Kxd7 19. O-O h5 20. e4 Ng4
21. h3 Nh6 22. Bxh6 Rxh6 23. d5 exd5 24. Rxh6 gxh6 25. exd5 Ba3 26. bxa3 1-0

[Event "Championnat de la Loire - Open"]
[Site "Aurec"]
[Date "2009.11.14"]
[Round "6.13"]
[White "Schlick, Paul"]
[Black "Allabrune, Guillaume"]
[Result "1-0"]
[WhiteElo "1440"]
[BlackElo "1370"]
[PlyCount "35"]
[EventDate "2009.??.??"]

1. d4 d5 2. Nf3 Nc6 3. Bf4 Nf6 4. e3 Bg4 5. c4 e6 6. c5 b6 7. b4 Bxf3 8. gxf3
a5 9. Qa4 Qd7 10. Bb5 Qc8 11. Bxc6+ Kd8 12. Bxa8 Qxa8 13. Nc3 c6 14. Rb1 b5 15.
Qxa5+ Qxa5 16. bxa5 h6 17. a6 g5 18. Be5 1-0

[Event "Championnat de la Loire - Open"]
[Site "Aurec"]
[Date "2009.11.14"]
[Round "6.14"]
[White "Richard, Nicolas"]
[Black "Liogier, Pascal"]
[Result "1/2-1/2"]
[WhiteElo "1199"]
[BlackElo "1400"]
[PlyCount "63"]
[EventDate "2009.??.??"]

1. e4 e5 2. Nf3 d6 3. d4 Bg4 4. Be2 Bxf3 5. Bxf3 exd4 6. Qxd4 Nc6 7. Qd3 Ne5 8.
Qe2 h6 9. Bf4 Nf6 10. Bxe5 dxe5 11. O-O Bc5 12. Nc3 a6 13. Rad1 Qe7 14. Nd5
Nxd5 15. Rxd5 c6 16. Rd2 O-O 17. h3 g6 18. Qc4 Rfd8 19. Rxd8+ Rxd8 20. Rd1
Rxd1+ 21. Bxd1 a5 22. c3 b5 23. Qe2 a4 24. b3 axb3 25. Bxb3 Qf6 26. a4 Qf4 27.
c4 bxa4 28. Bxa4 Qc1+ 29. Qf1 Qxf1+ 30. Kxf1 f5 31. f3 Kf7 32. Bxc6 1/2-1/2

[Event "Championnat de la Loire - Open"]
[Site "Aurec"]
[Date "2009.11.14"]
[Round "6.15"]
[White "Barrandon, Georges"]
[Black "Choquelle, Jean"]
[Result "1-0"]
[WhiteElo "1499"]
[BlackElo "1120"]
[PlyCount "81"]
[EventDate "2009.??.??"]

1. e4 e5 2. Nf3 Nc6 3. Bc4 f6 4. O-O Bd6 5. Nc3 Nd4 6. Nxd4 exd4 7. Ne2 c5 8.
d3 a6 9. a3 b5 10. Bd5 Ra7 11. Bd2 Qc7 12. Ng3 g6 13. b4 Be5 14. bxc5 Qxc5 15.
f4 Bc7 16. Rf3 Ne7 17. Bb4 Qb6 18. Bxe7 Kxe7 19. f5 g5 20. Ne2 Be5 21. g3 Qc5
22. Rf1 a5 23. Kh1 d6 24. Rc1 h6 25. c3 Bxf5 26. cxd4 Qb6 27. dxe5 dxe5 28.
exf5 Rd8 29. Be4 Rad7 30. Rc6 Qa7 31. Nc3 Qd4 32. Qe2 Qxd3 33. Qxd3 Rxd3 34.
Bxd3 Rxd3 35. Nxb5 Rb3 36. Rc7+ Kd8 37. Rd1+ Ke8 38. Rdd7 Rb1+ 39. Kg2 g4 40.
Nd6+ Kf8 41. Rc8# 1-0

[Event "Championnat de la Loire - Open"]
[Site "Aurec"]
[Date "2009.11.14"]
[Round "6.16"]
[White "Marie, Michel"]
[Black "Boeuf, Jeremy"]
[Result "0-1"]
[WhiteElo "1499"]
[BlackElo "1499"]
[PlyCount "130"]
[EventDate "2009.??.??"]

1. d4 c6 2. Nf3 d5 3. Nc3 Bf5 4. Nh4 Bg6 5. e3 e6 6. a3 Qxh4 7. g3 Qd8 8. Bg2
Nf6 9. O-O Qc7 10. Re1 Nbd7 11. b4 Bd6 12. Qf3 Ne4 13. Ne2 Ng5 14. Qg4 h6 15.
e4 Nf6 16. Qh4 Nfxe4 17. Bxg5 Nxg5 18. Rac1 Be7 19. Qg4 h5 20. Qf4 Qxf4 21.
Nxf4 O-O-O 22. h4 Nh7 23. c4 Nf6 24. cxd5 Bd6 25. dxe6 Bxf4 26. gxf4 Rxd4 27.
e7 Rxf4 28. Bh3+ Kc7 29. b5 Rxh4 30. Bg2 Be4 31. Bxe4 Rxe4 32. f3 Rxe1+ 33.
Rxe1 cxb5 34. Kg2 Re8 35. Kg3 Kd7 36. Re5 Rxe7 37. Rxb5 b6 38. a4 g5 39. Kh3
g4+ 40. Kg3 gxf3 41. Kxf3 h4 42. Rf5 Re6 43. Rg5 Ke7 44. Rg1 Rc6 45. Re1+ Kf8
46. Rh1 Rc4 47. Ra1 Rc3+ 48. Kg2 h3+ 49. Kh2 Ng4+ 50. Kg1 Rc2 51. Rd1 h2+ 52.
Kh1 Nf2+ 53. Kxh2 Nxd1+ 54. Kg3 Ra2 55. Kf3 Rxa4 56. Ke2 Rd4 57. Ke1 a5 58. Ke2
a4 59. Kf3 a3 60. Ke2 a2 61. Kf3 a1=R 62. Ke2 Ra2+ 63. Ke1 Nc3 64. Kf1 Rb4 65.
Ke1 Rb1# 0-1

[Event "Championnat de la Loire - Open"]
[Site "Aurec"]
[Date "2009.11.14"]
[Round "6.17"]
[White "Laffin, Mickael"]
[Black "Victoria, Philippe"]
[Result "1-0"]
[WhiteElo "1130"]
[BlackElo "1050"]
[PlyCount "45"]
[EventDate "2009.??.??"]

1. e4 e5 2. Nf3 Nc6 3. Nc3 Nf6 4. Bc4 g6 5. d3 Bg7 6. Bg5 O-O 7. O-O Nd4 8.
Nxd4 exd4 9. Nb5 c5 10. c3 h6 11. Bxf6 Bxf6 12. Nd6 Qb6 13. Nxf7 dxc3 14. bxc3
Kg7 15. Rb1 Qa5 16. Qc2 Bxc3 17. Qc1 Bd4 18. Qxh6+ Kf6 19. Qxf8 Rb8 20. Nh6+
Kg5 21. Ng8 b5 22. Bd5 Qd2 23. Qh6+ 1-0

[Event "Championnat de la Loire - Open"]
[Site "Loire"]
[Date "2010.02.06"]
[Round "7.1"]
[White "Volay, Pascal"]
[Black "Bednar, Emile"]
[Result "0-1"]
[WhiteElo "1560"]
[BlackElo "1860"]
[PlyCount "104"]
[EventDate "2010.??.??"]

1. e4 c5 2. Nf3 d6 3. Bb5+ Bd7 4. Bxd7+ Nxd7 5. b3 Ngf6 6. Nc3 e6 7. O-O Be7 8.
Re1 O-O 9. Bb2 a6 10. a4 Qc7 11. d3 h6 12. Rb1 Rad8 13. Ra1 Ne8 14. Ne2 e5 15.
Ng3 g6 16. Bc1 Kg7 17. c4 Nb8 18. Bb2 a5 19. Qc1 Rh8 20. h3 Nf6 21. Nh2 Nc6 22.
Bc3 b6 23. Qd1 h5 24. Nf3 Nh7 25. Qd2 Bf6 26. Nf1 Rd7 27. Ne3 Qd8 28. Nd5 Ne7
29. Nxf6 Nxf6 30. Qc1 Nc6 31. Bd2 Nh7 32. Kf1 Rg8 33. Kg1 Kh8 34. Kf1 Nd4 35.
Nxd4 cxd4 36. Kg1 f6 37. Rf1 g5 38. f3 Rdg7 39. g4 Qd7 40. Kh2 Rg6 41. Rg1 Rh6
42. Qf1 Nf8 43. Qe2 Ng6 44. Be1 Nf4 45. Qf1 Rg7 46. Bd2 hxg4 47. fxg4 Rgh7 48.
Bxf4 Rxh3+ 49. Qxh3 Rxh3+ 50. Kxh3 gxf4 51. Kg2 Qxg4+ 52. Kf2 Qh4+ 0-1

[Event "Championnat de la Loire - Open"]
[Site "Loire"]
[Date "2010.02.06"]
[Round "7.2"]
[White "Desassis, Maxence"]
[Black "Joly, Christian"]
[Result "1-0"]
[WhiteElo "1750"]
[BlackElo "1450"]
[PlyCount "59"]
[EventDate "2010.??.??"]

1. d4 Nf6 2. Nf3 g6 3. Bg5 Bg7 4. e3 O-O 5. Bd3 d6 6. O-O Na6 7. a3 c5 8. c3 b6
9. Nbd2 Bb7 10. b4 cxd4 11. cxd4 Nc7 12. Rc1 Re8 13. Qc2 Rc8 14. Ne4 Bxe4 15.
Bxe4 Ne6 16. Qd3 Nxe4 17. Qxe4 Nxg5 18. Nxg5 e5 19. Rxc8 Qxc8 20. Qd5 Qc7 21.
Ra1 exd4 22. exd4 Qe7 23. g3 Bh6 24. h4 Bg7 25. Kg2 h6 26. Nf3 Kh7 27. Re1 Qd7
28. Rxe8 Qxe8 29. Qxd6 Bf8 30. Qc7 1-0

[Event "Championnat de la Loire - Open"]
[Site "Loire"]
[Date "2010.02.06"]
[Round "7.3"]
[White "Andre, Gregory"]
[Black "Trottet, Francois"]
[Result "1-0"]
[WhiteElo "1499"]
[BlackElo "1430"]
[PlyCount "88"]
[EventDate "2010.??.??"]

1. f4 d5 2. Nf3 e6 3. e3 a6 4. b3 Nf6 5. Bb2 Nbd7 6. Be2 g6 7. O-O Bg7 8. Qe1
O-O 9. d3 b5 10. Ne5 c5 11. Nd2 Bb7 12. Rb1 Nb6 13. Qg3 Ne8 14. Qh3 Nd6 15.
Ndf3 h6 16. Ng4 Nf5 17. Bxg7 Kxg7 18. Nd2 Rh8 19. Nf2 d4 20. e4 Ne3 21. Rfc1 f5
22. Nf1 Nxf1 23. Rxf1 Qd7 24. exf5 exf5 25. Rbe1 Nd5 26. Nd1 Rae8 27. Qg3 Ne3
28. Nxe3 Rxe3 29. Bf3 Rhe8 30. Rxe3 Rxe3 31. Re1 Rxe1+ 32. Qxe1 Bxf3 33. gxf3
h5 34. Qe5+ Kh6 35. Qxc5 Qb7 36. Kf2 Qd7 37. Qf8+ Kh7 38. Qf6 Qc7 39. Kg3 h4+
40. Qxh4+ Kg7 41. Qg5 Qf7 42. Qd8 Qf6 43. Qxf6+ Kxf6 44. Kh4 Kg7 1-0

[Event "Championnat de la Loire - Open"]
[Site "Loire"]
[Date "2010.02.06"]
[Round "7.4"]
[White "Buisine, Roman"]
[Black "Mazet, Christian"]
[Result "1-0"]
[WhiteElo "1720"]
[BlackElo "1620"]
[PlyCount "85"]
[EventDate "2010.??.??"]

1. e4 e5 2. Nf3 Nf6 3. Nc3 Bb4 4. Bc4 Bxc3 5. dxc3 O-O 6. Bg5 h6 7. Bh4 d6 8.
Qd3 Nbd7 9. O-O-O Nc5 10. Qe2 Qe7 11. Nd2 g5 12. Bg3 Be6 13. f3 Kg7 14. Bf2
Bxc4 15. Qxc4 Qe6 16. Bxc5 Qxc4 17. Nxc4 dxc5 18. Nxe5 Rad8 19. Rd2 Rxd2 20.
Kxd2 Rd8+ 21. Ke2 Ne8 22. Rd1 Nd6 23. Ng4 Re8 24. e5 f5 25. Kf2 fxg4 26. exd6
cxd6 27. Rxd6 Re7 28. fxg4 a6 29. Rd5 c4 30. Rd4 Rf7+ 31. Ke3 b5 32. Rd6 Rf6
33. Rxf6 Kxf6 34. g3 Ke5 35. b3 a5 36. Kf3 Kd5 37. a4 cxb3 38. cxb3 bxa4 39.
bxa4 Kc4 40. h4 Kxc3 41. hxg5 hxg5 42. Ke4 Kb4 43. Kf5 1-0

[Event "Championnat de la Loire - Open"]
[Site "Loire"]
[Date "2010.02.06"]
[Round "7.5"]
[White "Rasle, Jean-Michel"]
[Black "Brachet, Gerard"]
[Result "1-0"]
[WhiteElo "1680"]
[BlackElo "1470"]
[PlyCount "81"]
[EventDate "2010.??.??"]

1. d4 d5 2. c4 e6 3. Nc3 Nf6 4. Bg5 Be7 5. Nf3 O-O 6. Qc2 dxc4 7. e3 Nc6 8.
Bxc4 a6 9. a3 b5 10. Bd3 g6 11. Rc1 Bb7 12. O-O Rc8 13. Bxf6 Bxf6 14. Ne4 b4
15. Nc5 Ba8 16. Nxa6 bxa3 17. bxa3 Qd6 18. Qc5 Rfd8 19. Qxd6 cxd6 20. Rb1 Kg7
21. Nd2 d5 22. Nc5 e5 23. Ndb3 exd4 24. exd4 Bxd4 25. Nxd4 Nxd4 26. Rfc1 h5 27.
a4 Re8 28. a5 Ne2+ 29. Bxe2 Rxe2 30. Ne6+ Rxe6 31. Rxc8 Bb7 32. Rd8 Ra6 33.
Rxb7 Rxa5 34. g3 Kh6 35. Rxf7 Kg5 36. h4+ Kg4 37. Rf4+ Kh3 38. Kf1 Ra1+ 39. Ke2
Kg2 40. Rxd5 Ra2+ 41. Rd2 1-0

[Event "Championnat de la Loire - Open"]
[Site "Loire"]
[Date "2010.02.06"]
[Round "7.6"]
[White "Boeuf, Jean-Julien"]
[Black "Doran, Niall"]
[Result "0-1"]
[WhiteElo "1440"]
[BlackElo "1480"]
[PlyCount "62"]
[EventDate "2010.??.??"]

1. e4 e6 2. d4 d5 3. Nc3 Bb4 4. a3 Bxc3+ 5. bxc3 dxe4 6. Qg4 Nf6 7. Qxg7 Rg8 8.
Qh6 Rg6 9. Qf4 Nbd7 10. Ne2 Nb6 11. Ng3 Nbd5 12. Qd2 Bd7 13. Be2 Bc6 14. O-O
Qd7 15. f3 exf3 16. Bxf3 O-O-O 17. c4 Ne7 18. Nh5 Nxh5 19. Bxh5 Rxg2+ 20. Qxg2
Bxg2 21. Kxg2 Rg8+ 22. Kh1 Qxd4 23. Bf4 Ng6 24. Bg3 f5 25. Rad1 Qxc4 26. Rfe1
f4 27. Be2 Qc6+ 28. Kg1 fxg3 29. Bg4 gxh2+ 30. Kxh2 Nf4 31. Bh3 Nxh3 0-1

[Event "Championnat de la Loire - Open"]
[Site "Loire"]
[Date "2010.02.06"]
[Round "7.7"]
[White "Chabas, Jean-Luc"]
[Black "Rasle, Corentin"]
[Result "0-1"]
[WhiteElo "1570"]
[BlackElo "1380"]
[PlyCount "62"]
[EventDate "2010.??.??"]

1. e4 e6 2. d4 d5 3. e5 c5 4. c3 Qb6 5. Nf3 Nc6 6. Bd3 Bd7 7. Bc2 a6 8. O-O Be7
9. b3 Rc8 10. Bb2 cxd4 11. cxd4 f6 12. Re1 Bb4 13. Re2 Ba5 14. a3 Qc7 15. b4
Bb6 16. Bb3 fxe5 17. dxe5 Nge7 18. Nbd2 O-O 19. Rc1 Qb8 20. Nf1 Kh8 21. Ng3 Be8
22. h3 Bg6 23. Qd2 Rcd8 24. Bc2 Be4 25. Qe1 Bxf3 26. gxf3 Rxf3 27. Kg2 Rdf8 28.
Rd1 Qa7 29. Rdd2 Nd4 30. Bxd4 Bxd4 31. Bb3 Rxb3 0-1

[Event "Championnat de la Loire - Open"]
[Site "Loire"]
[Date "2010.02.06"]
[Round "7.8"]
[White "Martin, Julien"]
[Black "Schlick, Paul"]
[Result "1-0"]
[WhiteElo "1410"]
[BlackElo "1440"]
[PlyCount "41"]
[EventDate "2010.??.??"]

1. e4 e5 2. Nf3 Nc6 3. d4 exd4 4. Nxd4 Qf6 5. Nxc6 Qxc6 6. Bd3 Bc5 7. O-O d6 8.
Qf3 Nf6 9. Nc3 Be6 10. Bb5 Qxb5 11. Nxb5 Bb6 12. Be3 Bc4 13. Bxb6 Bxb5 14. Bxc7
Bxf1 15. Kxf1 Kd7 16. Ba5 Rae8 17. Qf5+ Re6 18. Rd1 Ke7 19. Bb4 Rd8 20. e5 Rxe5
21. Qxe5+ 1-0

[Event "Championnat de la Loire - Open"]
[Site "Loire"]
[Date "2010.02.06"]
[Round "7.9"]
[White "Daillere, Roland"]
[Black "Rogues, Jean-Luc"]
[Result "1-0"]
[WhiteElo "1340"]
[BlackElo "1420"]
[PlyCount "77"]
[EventDate "2010.??.??"]

1. e4 e6 2. d4 d5 3. e5 c5 4. dxc5 Bxc5 5. Nh3 Nc6 6. Bb5 Nge7 7. O-O Bd7 8.
Qe2 Qc7 9. Bf4 Ng6 10. Bxc6 Bxc6 11. c4 O-O 12. Nd2 Qb6 13. Nb3 Bd4 14. Nxd4
Qxd4 15. g3 Qxc4 16. Qxc4 dxc4 17. Rac1 Bd5 18. Rfe1 Rac8 19. Ng5 Nxf4 20. gxf4
Rc6 21. Ne4 Rfc8 22. Nd6 Ra8 23. Nxb7 Rb8 24. Nd6 Rxb2 25. Rb1 Rbb6 26. Rxb6
axb6 27. Nb5 Rc5 28. a4 Kf8 29. Rc1 Ke7 30. Nc3 Bf3 31. Kf1 Kd7 32. Ke1 Kc6 33.
Kd2 f6 34. Ke3 Bd5 35. exf6 gxf6 36. Rg1 f5 37. Rg7 Kd6 38. Rxh7 Rc7 39. Nb5+
1-0

[Event "Championnat de la Loire - Open"]
[Site "Loire"]
[Date "2010.02.06"]
[Round "7.10"]
[White "Liogier, Pascal"]
[Black "Mialon, Franck"]
[Result "1-0"]
[WhiteElo "1400"]
[BlackElo "1350"]
[PlyCount "141"]
[EventDate "2010.??.??"]

1. e4 e5 2. Nf3 Nc6 3. Bb5 a6 4. Ba4 Bc5 5. d3 h6 6. O-O d6 7. c3 Bg4 8. h3 Bh5
9. Be3 Nf6 10. Nbd2 O-O 11. Bb3 Ne7 12. Qc2 Qd7 13. d4 exd4 14. cxd4 Ba7 15.
Rfe1 d5 16. Ne5 Qc8 17. exd5 Ng6 18. Ndf3 Nxe5 19. Nxe5 Nd7 20. Qe4 Nxe5 21.
Qxe5 Bg6 22. Qg3 Kh7 23. Rac1 c6 24. d6 f5 25. Qf4 Bb6 26. d5 Bd8 27. Rc4 Bg5
28. Qg3 f4 29. Bxf4 Bxf4 30. Rxf4 cxd5 31. Bxd5 Qc5 32. Rxf8 Rxf8 33. Be4 Bxe4
34. Rxe4 Qc1+ 35. Kh2 Qxb2 36. Re7 Qf6 37. Qd3+ Kh8 38. f3 Qf4+ 39. Kg1 Rd8 40.
Rxb7 Qxd6 41. Qxd6 Rxd6 42. Rb8+ Kh7 43. Ra8 Kg6 44. a4 Kf5 45. Ra7 g6 46. Kf2
Ke5 47. Ke3 Kd5 48. Rc7 Re6+ 49. Kd3 Kd6 50. Rc4 Re1 51. Re4 Ra1 52. Ke3 Kc5
53. Rg4 g5 54. h4 a5 55. hxg5 hxg5 56. Rxg5+ Kb4 57. Rg4+ Kb3 58. Kd2 Rxa4 59.
Rxa4 Kxa4 60. Kc2 Kb4 61. Kb2 a4 62. g4 a3+ 63. Ka2 Kc5 64. g5 Kd6 65. Kxa3 Ke6
66. f4 Kf5 67. Kb4 Kg6 68. Kc5 Kf5 69. Kd6 Kg6 70. Ke6 Kh5 71. Kf7 1-0

[Event "Championnat de la Loire - Open"]
[Site "Loire"]
[Date "2010.02.06"]
[Round "7.11"]
[White "Desassis, Jean-Francois"]
[Black "Febvret, Olivier"]
[Result "1-0"]
[WhiteElo "1540"]
[BlackElo "1499"]
[PlyCount "33"]
[EventDate "2010.??.??"]

1. d4 d5 2. Nf3 Nf6 3. e3 Nc6 4. a3 e6 5. Bd3 Bd6 6. b4 Bd7 7. Nbd2 a6 8. Bb2
h6 9. O-O O-O 10. Ne5 Bxe5 11. dxe5 Nh7 12. f4 f6 13. Bxh7+ Kxh7 14. exf6 gxf6
15. Rf3 f5 16. Rh3 Be8 17. Nf3 1-0

[Event "Championnat de la Loire - Open"]
[Site "Loire"]
[Date "2010.02.06"]
[Round "7.12"]
[White "Allabrune, Guillaume"]
[Black "Barrandon, Georges"]
[Result "0-1"]
[WhiteElo "1370"]
[BlackElo "1499"]
[PlyCount "142"]
[EventDate "2010.??.??"]

1. e4 e5 2. Nf3 Nc6 3. Bc4 Be7 4. Nc3 Nf6 5. O-O O-O 6. d3 d6 7. h3 Na5 8. Bb3
Nxb3 9. axb3 b6 10. b4 Bb7 11. Bg5 Nd7 12. Qd2 Bxg5 13. Nxg5 h6 14. Nf3 f5 15.
Rfe1 f4 16. Nb5 a6 17. Na3 Qf6 18. b5 a5 19. Qc3 Rac8 20. b4 axb4 21. Qxb4 Qg6
22. Nh4 Qf6 23. Nf5 Nc5 24. Qc4+ Kh8 25. f3 Kh7 26. c3 g6 27. d4 Ne6 28. dxe5
dxe5 29. Nh4 Nc5 30. g3 fxg3 31. Ng2 Qxf3 32. Rf1 Qxe4 33. Rf7+ Kh8 34. Qxe4
Nxe4 35. Rxf8+ Rxf8 36. Nh4 g5 37. Ng6+ Kg8 38. Nxf8 Kxf8 39. Kg2 h5 40. Nc4
Nd2+ 41. Kxg3 Nxc4 42. Rf1+ Kg7 43. h4 g4 44. Rf5 Kg6 45. Rg5+ Kh6 46. Rf5 Kg6
47. Rg5+ Kh6 48. Rg8 e4 49. Re8 e3 50. Re6+ Kh7 51. Re7+ Kh6 52. Rxc7 e2 53.
Kf2 Bf3 54. Rxc4 Kg6 55. Rf4 g3+ 56. Ke1 g2 57. Rxf3 g1=Q+ 58. Kxe2 Qg2+ 59.
Ke3 Qg4 60. Rf4 Qe6+ 61. Kd4 Qd7+ 62. Ke3 Qe6+ 63. Kf3 Qd5+ 64. Ke3 Qxb5 65.
Rb4 Qc5+ 66. Kd2 Qf2+ 67. Kd3 Qg3+ 68. Kc2 Kf5 69. Rb5+ Kg4 70. Rg5+ Kf4 71.
Rxg3 Kxg3 0-1

[Event "Championnat de la Loire - Open"]
[Site "Loire"]
[Date "2010.02.06"]
[Round "7.13"]
[White "Boeuf, Jeremy"]
[Black "Richard, Nicolas"]
[Result "1-0"]
[WhiteElo "1499"]
[BlackElo "1199"]
[PlyCount "110"]
[EventDate "2010.??.??"]

1. e4 e5 2. f4 exf4 3. Nf3 Nc6 4. d4 d5 5. Nc3 dxe4 6. Nxe4 Bf5 7. Nc3 Bd6 8.
Bb5 Nf6 9. Bxc6+ bxc6 10. Qe2+ Be6 11. O-O O-O 12. Ne5 Bxe5 13. dxe5 Qd4+ 14.
Qf2 Qxe5 15. Bxf4 Qa5 16. Qg3 Rac8 17. Bh6 Nh5 18. Qg5 Qxg5 19. Bxg5 h6 20. Bh4
Rfe8 21. g4 Bxg4 22. Rfe1 Rxe1+ 23. Rxe1 Nf4 24. Kh1 Nh3 25. Kg2 Nf4+ 26. Kg3
g5 27. Kxg4 gxh4 28. Kxf4 Kg7 29. Kg4 Rb8 30. Kxh4 Rxb2 31. Rg1+ Kh7 32. Rg2
Rb4+ 33. Rg4 Rxg4+ 34. Kxg4 Kg6 35. h4 f5+ 36. Kf4 Kh5 37. Kxf5 Kxh4 38. Ne2 h5
39. Nf4 c5 40. Kg6 Kg4 41. Nxh5 c4 42. Nf6+ Kf3 43. Kf5 Ke2 44. Ne4 Kd1 45. c3
a5 46. a4 Kc2 47. Ke5 Kb3 48. Kd5 Kxa4 49. Kxc4 Ka3 50. Nc5 c6 51. Nb3 Kb2 52.
Nxa5 c5 53. Nb7 Kc2 54. Nxc5 Kb2 55. Kb4 Kc2 1-0